Cẩm nang bảo vệ mùa màng

Đã lưu trong:
书目详细资料
主要作者: Sở Bảo Vệ Mùa Màng
格式: 图书
语言:Undetermined
出版: Hà Nội Bộ Cải Tiến Nông Thôn 1964
主题:
标签: 添加标签
没有标签, 成为第一个标记此记录!
Thư viện lưu trữ: Trung tâm Học liệu Trường Đại học Cần Thơ
LEADER 00607nam a2200181Ia 4500
001 CTU_12879
008 210402s9999 xx 000 0 und d
082 |a 632 
082 |b S460 
100 |a Sở Bảo Vệ Mùa Màng 
245 0 |a Cẩm nang bảo vệ mùa màng 
245 0 |c Sở Bảo Vệ Mùa Màng 
260 |a Hà Nội 
260 |b Bộ Cải Tiến Nông Thôn 
260 |c 1964 
650 |a agricultural chemicals,plant - diseases and pests - control,plants, protection of 
904 |i Minh, 961121 
980 |a Trung tâm Học liệu Trường Đại học Cần Thơ